1627 1162 1702 1994 1498 1004 1349 1930 1796 1184 1368 1980 1448 1612 1346 1414 1951 1441 1561 1443 1023 1099 1381 1015 1973 1725 1591 1401 1783 1329 1428 1102 1321 1031 1978 1941 1923 1373 1067 1481 1589 1380 1911 1218 1795 1823 1291 1602 1469 1494 1109 1448 1473 1336 1211 1581 1022 1980 1743 1627 1746 1761 1376 1650 1997 1292 1577 1138 1562 1591 1290 1573 1133 1246 1751 1413 1324 1534 1537 1545 1327 1640 1578 1955 1251 1913 1718 1855 1038 1727 1976 1287 1314 2000 1005 1385 1381 1237 1803 BCNSPRNW ULIB Ver.6.0+V

เปลี่ยนเป็นภาษาไทย

Change to English
 แสดงรายละเอียดบรรณานุกรม
  กลับหน้าหลัก

Brief Record : Get Marc (ISO 2709) : E-mail record : QR code < ปิดหน้าต่าง
LEADER : 00000nam 2200000uu 4500
001    13399125293
003     ULIB
008    170330s2559||||th 000 0 tha d
020    ^a9786162713002
060    ^aWY161 พ986ศ
100    ^aไพรสุดา บัวลอยและคณะ
245    ^aศัลย์เสวนาการพยาบาลศัลยศาสตร์และห้องผ่าตัดทันยุค
260    ^aสงขลา :^bบัยตุลพริ้นติ้ง,^c2559
300    ^a298 หน้า
650    ^aศัลย์เสวนา การพยาบาลศัลยศาสตร์และห้องผ่าตั
945    ^p0^l0^i001831
945    ^p0^l0^i001832
945    ^p0^l0^i001833
999    ^aวรรณษา ชูชัยมงคล
รายการนี้ยังไม่มีแท็ก
คุณยังไม่ได้ล็อกอิน คุณสามารถมีกิจกรรมร่วมกับเว็บไซต์ได้ แต่ต้องล็อกอินก่อน ::
  ล็อกอิน

รายการสื่อสารสนเทศ

ลำดับที่ ประเภท เลขเรียก/บาร์โค้ด สถานที่ สถานะ
1. วิทยาศาสตร์การแพทย์ และสุขภาพ
วิทยาศาสตร์การแพทย์ และสุขภาพ
WY161 พ986ศ ฉ.1 
  Barcode: 001831
ห้องสมุดวิทยาเขตสวรรค์ประชารักษ์
►หนังสือทั่วไป
บนชั้น
2. วิทยาศาสตร์การแพทย์ และสุขภาพ
วิทยาศาสตร์การแพทย์ และสุขภาพ
WY161 พ986ศ ฉ.2 
  Barcode: 001832
ห้องสมุดวิทยาเขตสวรรค์ประชารักษ์
►หนังสือทั่วไป
บนชั้น
3. วิทยาศาสตร์การแพทย์ และสุขภาพ
วิทยาศาสตร์การแพทย์ และสุขภาพ
WY161 พ986ศ ฉ.3 
  Barcode: 001833
ห้องสมุดวิทยาเขตสวรรค์ประชารักษ์
►หนังสือทั่วไป
บนชั้น

BibComment


ยังไม่เคยถูกคอมเมนท์

คอมเมนท์ทรัพยากรรายการนี้
  คอมเมนท์: ศัลย์เสวนาการพยา..


 Copyright 2026. Bcnsprnw @Library